JAIPUR CITY PALACE (Record no. 21606)

MARC details
000 -LEADER
fixed length control field 00335nam a2200121Ia 4500
008 - FIXED-LENGTH DATA ELEMENTS--GENERAL INFORMATION
fixed length control field 240624s9999 xx 000 0 und d
041 ## - LANGUAGE CODE
Language code of text/sound track or separate title eng
082 ## - DEWEY DECIMAL CLASSIFICATION NUMBER
Classification number 828 SAC
100 ## - MAIN ENTRY--PERSONAL NAME
Personal name BY VIBHUTI SACHDEV AND GILES TILLOTSON
245 ## - TITLE STATEMENT
Title JAIPUR CITY PALACE
260 ## - PUBLICATION, DISTRIBUTION, ETC.
Date of publication, distribution, etc. 2008
Place of publication, distribution, etc. New Delhi
Name of publisher, distributor, etc. Lustre Press Roli Books
300 ## - PHYSICAL DESCRIPTION
Extent 144 : p. : cm. ; 28
Holdings
Withdrawn status Lost status Damaged status Not for loan Home library Current library Shelving location Date acquired Full call number Barcode Date last seen Price effective from Koha item type
        IMTN IMTN Rack 43-A 08/21/2013 828 SAC 21606 06/24/2024 06/24/2024 Books
Designed & Maintained by: LRC IMT Nagpur Contact: lrc@imtnag.ac.in© 2024. All Rights Reserved.